| 000 | 01713nam a22002537a 4500 | ||
|---|---|---|---|
| 003 | NALT | ||
| 005 | 20240724233225.0 | ||
| 008 | s2547 th tha d | ||
| 040 | _aNALT | ||
| 041 | _atha | ||
| 050 |
_aJQ1746.Z13.C6 _bช622ค 2547 |
||
| 110 | 0 | _aสถาบันชุมชนท้องถิ่นพัฒนา | |
| 245 | 1 | 0 |
_aโครงการศึกษาวิจัยการทุจริตและประพฤติมิชอบในหน่วยงานราชการไทย : กรณีศึกษากระทรวงคมนาคม ช่องทางการคอร์รัปชั่นในกรมทางหลวง _cสถาบันชุมชนท้องถิ่นพัฒนา. |
| 260 | 3 |
_aม.ป.ท. : _bสถาบันชุมชนท้องถิ่นพัฒนา, _c2547 |
|
| 300 |
_a1 เล่ม : _bภาพประกอบ, ตาราง ; _c29 ซม. |
||
| 610 | _aสถาบันชุมชนท้องถิ่นพัฒนา | ||
| 650 | 0 | 4 | _aกรมทางหลวง -- การทุจริต -- วิจัย |
| 650 | 0 | 4 | _aการทุจริตและประพฤติมิชอบในวงราชการ -- วิจัย |
| 650 | 0 | 4 | _aคอรัปชั่น |
| 650 | 0 | 4 | _aคอรัปชั่นการทุจริตและประพฤติมิชอบในวงราชการ -- วิจัยกรมทางหลวง -- การทุจริต -- วิจัย |
| 850 | _aNALT | ||
| 942 |
_cRSH _2lcc |
||
| 999 |
_c44414 _d44414 |
||
| 998 |
_j109 _k อารีรัตน์ วิชาช่าง |
||